गांधी अंग्रेजी भूल गया है (Record no. 6933)
[ view plain ]
| 000 -LEADER | |
|---|---|
| fixed length control field | 01109 a2200217 4500 |
| 005 - DATE AND TIME OF LATEST TRANSACTION | |
| control field | 20080912113951.0 |
| 008 - FIXED-LENGTH DATA ELEMENTS--GENERAL INFORMATION | |
| fixed length control field | 080912t xxu||||| |||| 00| 0 hin d |
| 010 ## - LIBRARY OF CONGRESS CONTROL NUMBER | |
| LC control number | HIN-80706 |
| 020 ## - INTERNATIONAL STANDARD BOOK NUMBER | |
| International Standard Book Number | 8188457426 |
| Terms of availability | 200.00 |
| 035 ## - SYSTEM CONTROL NUMBER | |
| System control number | HN-53052 |
| 037 ## - SOURCE OF ACQUISITION | |
| Source of stock number/acquisition | D.B.Act / pub |
| 082 ## - DEWEY DECIMAL CLASSIFICATION NUMBER | |
| Classification number | 808.88 |
| 100 ## - MAIN ENTRY--PERSONAL NAME | |
| Personal name | मिश्र, राजेंद्र |
| 245 ## - TITLE STATEMENT | |
| Title | गांधी अंग्रेजी भूल गया है |
| Statement of responsibility, etc | राजेंद्र मिश्र |
| 246 ## - VARYING FORM OF TITLE | |
| Title proper/short title | Gandhi Angrezi Bhul Gay hai |
| Remainder of title | by Rajendra Mishra |
| 260 ## - PUBLICATION, DISTRIBUTION, ETC. (IMPRINT) | |
| Place of publication, distribution, etc | नई दिल्ली |
| Name of publisher, distributor, etc | कल्याणी शिक्षा परिषद |
| Date of publication, distribution, etc | 2007 |
| 270 ## - ADDRESS | |
| Address | 3320-21, जटवाड़ा,दरियागंज |
| City | नई दिल्ली |
| Postal code | 110002 |
| 300 ## - PHYSICAL DESCRIPTION | |
| Extent | 144पृ |
| Dimensions | 22 सेमी (सजिल्द) |
| 942 ## - ADDED ENTRY ELEMENTS (KOHA) | |
| Institution code [OBSOLETE] | dpl |
| Koha item type | Hindi Books |
| Call number prefix | 808.88 / मिश्ररा |
| Source of classification or shelving scheme | Dewey Decimal Classification |
| Classification part | 808.88 |
| Call number suffix | मिश्ररा |
| Withdrawn status | Lost status | Damaged status | Not for loan | Home library | Current library | Date acquired | Cost, normal purchase price | Total Checkouts | Full call number | Barcode | Date last seen | Copy number | Uniform Resource Identifier | Cost, replacement price | Price effective from | Koha item type |
|---|---|---|---|---|---|---|---|---|---|---|---|---|---|---|---|---|
| D.B.Act.Division | D.B.Act.Division | 12/09/2008 | 200.00 | 808.88 मिश्ररा | HN-53052 | 15/09/2008 | 1 | 7441 | 200.00 | 15/09/2008 | Hindi Books |
